Online
Catalog

Sus voces : (Record no. 35082)

MARC details
000 -CABECERA
campo de control de longitud fija 00931nam a2200241 a 4500
001 - NÚMERO DE CONTROL
campo de control 000035591
005 - FECHA Y HORA DE LA ÚLTIMA TRANSACCIÓN
campo de control 20200930074445.0
008 - DATOS DE LONGITUD FIJA--INFORMACIÓN GENERAL
campo de control de longitud fija 111103s2011 dr 001 0 spa d
020 ## - NÚMERO INTERNACIONAL ESTÁNDAR DEL LIBRO
Número Internacional Estándar del Libro 9789945879810
040 ## - FUENTE DE LA CATALOGACIÓN
Centro catalogador/agencia de origen DO-SdBNP
Lengua de catalogación spa
Centro/agencia transcriptor BNPHU
082 ## - NÚMERO DE LA CLASIFICACIÓN DECIMAL DEWEY
Número de clasificación 618.19
Número de documento/Ítem P121s
100 1# - ENTRADA PRINCIPAL--NOMBRE DE PERSONA
Nombre de persona Pacsi, Alsacia L.
9 (RLIN) 61490
245 10 - MENCIÓN DE TÍTULO
Título Sus voces :
Resto del título un estudio de las experiencias vividas por mujeres dominicanas con cáncer de mama en estado avanzado /
Mención de responsabilidad, etc. Alsacia L.Pacsi ; traductor Carlos Almánzar.
260 ## - PUBLICACIÓN, DISTRIBUCIÓN, ETC.
Lugar de publicación, distribución, etc. Santo Domingo :
Nombre del editor, distribuidor, etc. Nomara,
Fecha de publicación, distribución, etc. [2011].
300 ## - DESCRIPCIÓN FÍSICA
Extensión 137 p. ;
Dimensiones 22 cm.
500 ## - NOTA GENERAL
Nota general Incluye datos biográficos de la autora en la solapa.
504 ## - NOTA DE BIBLIOGRAFÍA, ETC.
Nota de bibliografía, etc. Bibliografía: p.125-137.
590 ## - NOTA LOCAL (RLIN)
Nota local Inventariado,2018/DG
650 #4 - PUNTO DE ACCESO ADICIONAL DE MATERIA--TÉRMINO DE MATERIA
Término de materia o nombre geográfico como elemento de entrada Enfermedades de la mama
Subdivisión general Investigaciones
9 (RLIN) 61491
650 #4 - PUNTO DE ACCESO ADICIONAL DE MATERIA--TÉRMINO DE MATERIA
Término de materia o nombre geográfico como elemento de entrada Neoplasmas de la mama
Subdivisión general Investigaciones
9 (RLIN) 61492
700 12 - PUNTO DE ACCESO ADICIONAL--NOMBRE DE PERSONA
Nombre de persona Almánzar, Carlos,
Término indicativo de función/relación tr.
9 (RLIN) 61493
910 ## - DATOS DE OPCIÓN DEL USUARIO (OCLC)
Datos de opción del usuario Validado. Control de calidad EMS
Holdings
Estado de retiro Estado de pérdida Restricciones de uso No para préstamo Código de colección Localización permanente Ubicación/localización actual Ubicación en estantería Fecha de adquisición Número de inventario Total de préstamos Signatura topográfica completa Código de barras Fecha visto por última vez Número de copia Precio válido a partir de Tipo de ítem Koha
        Dominicana de Servicio General General Depósito 03.11.2011 LF1   618.19 P121s 35591-30 25.06.2020 e. 3 25.06.2020 Libro y Folleto Colección Dominicana de Servicio
      Excluido de préstamo Patrimonio Dominicano Patrimonio Dominicano Patrimonio Dominicano Depósito 03.11.2011 LF1   618.19 P121s 35591-10 25.06.2020   25.06.2020 Libro y Folleto Colección Patrimonio Dominicano
      Excluido de préstamo Patrimonio Dominicano Patrimonio Dominicano Patrimonio Dominicano Depósito 03.11.2011 LF1   618.19 P121s 35591-20 25.06.2020 e. 2 25.06.2020 Libro y Folleto Colección Patrimonio Dominicano

Powered by Koha